000 00333nam a2200121 a 4500
005 20140412111430.0
008 110218s19uu xx 00 eng d
050 _aTR(PS E
_bOl1 2007
100 _aArnold, Tedd
245 _aThere was an old lady who swallowed fly guy.
260 _aNew York :
_bScholastic,
_c2007.
999 _c106348
_d106348